Matthew Henry's commentary in one volume : Genesis to Revelation (Record no. 45)
[ view plain ]
| 000 -LEADER | |
|---|---|
| fixed length control field | 00611nam a22001817a 4500 |
| 008 - FIXED-LENGTH DATA ELEMENTS--GENERAL INFORMATION | |
| fixed length control field | 110830t xxu||||| |||| 00| 0 eng d |
| 020 ## - INTERNATIONAL STANDARD BOOK NUMBER | |
| International Standard Book Number | 0310260108 9780310260103 |
| 050 ## - LIBRARY OF CONGRESS CALL NUMBER | |
| Classification number | BS490.H4 |
| 100 ## - MAIN ENTRY--PERSONAL NAME | |
| Personal name | Henry, Matthew |
| 245 ## - TITLE STATEMENT | |
| Title | Matthew Henry's commentary in one volume : Genesis to Revelation |
| Statement of responsibility, etc. | Matthew Henry |
| 250 ## - EDITION STATEMENT | |
| Edition statement | one vol. ed |
| 260 ## - PUBLICATION, DISTRIBUTION, ETC. | |
| Place of publication, distribution, etc. | Grand Rapids |
| Name of publisher, distributor, etc. | Zondervan Pub. House |
| Date of publication, distribution, etc. | ©1961. |
| 300 ## - PHYSICAL DESCRIPTION | |
| Extent | ix, 1986 p. |
| Dimensions | 25 cm |
| 505 ## - FORMATTED CONTENTS NOTE | |
| Formatted contents note | Contents: The Books of the old testament -- The Books of the new testament |
| 650 ## - SUBJECT ADDED ENTRY--TOPICAL TERM | |
| Topical term or geographic name entry element | Bible -- Commentaries |
| 700 ## - ADDED ENTRY--PERSONAL NAME | |
| Personal name | Church, Leslie F. |
| 942 ## - ADDED ENTRY ELEMENTS (KOHA) | |
| Source of classification or shelving scheme | Library of Congress Classification |
| Koha item type | Books |
| Withdrawn status | Lost status | Source of classification or shelving scheme | Damaged status | Not for loan | Home library | Current library | Shelving location | Date acquired | Total Checkouts | Full call number | Barcode | Date last seen | Copy number | Price effective from | Koha item type |
|---|---|---|---|---|---|---|---|---|---|---|---|---|---|---|---|
| Library of Congress Classification | WISCONSIN INTERNATIONAL UNIVERSITY COLLEGE, GHANA - MAIN LIBRARY | WISCONSIN INTERNATIONAL UNIVERSITY COLLEGE, GHANA - MAIN LIBRARY | General Stacks | 30/08/2011 | BS490.H4 | 107/11 | 30/08/2011 | 1 | 30/08/2011 | Books |
